000
00275nam a2200121Ia 4500
100
_a
None
650
_a
Draughtsman
942
_c
BK
654
_a
Draughtsman mechanical
245
_a
Draughtsman mechanical with syllabus
260
_b
New Heights
_a
Delhi
546
_a
ENGLISH
999
_c
23377
_d
23377